NÁVRH METODIKY SYNERGICKÉHO ZVYŠOVANIA EFEKTÍVNOSTI LOGISTICKÝCH PROCESOV PODNIKU POMOCOU TECHNOLÓGIE RFID

Gespeichert in:
Bibliographische Detailangaben
1. Verfasser: Janák, Erik, 1985- (Verfasst von)
Weitere Verfasser: Makyšová, Helena, 1976- (Betreuung Doktorarbeit)
Format: Manuskript Buch
Sprache:Slowakisch
Veröffentlicht: Trnava : STU v Bratislave MTF, 2012
Schlagworte:
Online-Zugang:VAIS
Tags: Tag hinzufügen
Keine Tags, Fügen Sie das erste Tag hinzu!

MARC

LEADER 00000ntm a22000003a 4500
001 stu253838
005 20150617230229.4
008 120831s2012----xo------------------slo-d
040 |a STU  |b slo 
041 0 |a slo 
044 |a xo 
100 1 |a Janák, Erik,  |d 1985-  |4 aut  |u M4000  |U MTF Materiálovotechnologická fakulta  |T MTF Ústav priemyselného inžinierstva a manažmentu  |X 34795  |U M4000  |Y 84  |7 A000034795 
242 0 0 |a The proposal of the methodology of synergistic increasing the efficiency of business logistics processes using the radio frequency identification technology  |y eng 
245 1 |a NÁVRH METODIKY SYNERGICKÉHO ZVYŠOVANIA EFEKTÍVNOSTI LOGISTICKÝCH PROCESOV PODNIKU POMOCOU TECHNOLÓGIE RFID 
260 |a Trnava :  |b STU v Bratislave MTF,  |c 2012 
300 |a 106 s 
500 |a Názov študijného odboru: 5.2.52 priemyselné inžinierstvo 
500 |a Školiace pracovisko: Ústav priemyselného inžinierstva, manažmentu a kvality 
500 |a Študijný program: priemyselné manažérstvo 
500 |a Číslo študijného odboru: 2645 
650 7 |a logistics processes  |2 estusub 
650 7 |a efficiency  |2 estusub 
650 7 |a RFID  |2 stusub 
650 7 |a RFID  |2 stusub 
650 7 |a logistické procesy  |2 stusub 
650 7 |a efektívnosť  |2 stusub 
650 7 |a priemyselné manažérstvo  |2 stusub 
650 7 |a Industrial Management  |2 estusub 
700 1 |a Makyšová, Helena,  |d 1976-  |4 ths  |u M4000  |U MTF Materiálovotechnologická fakulta  |T MTF Ústav priemyselného inžinierstva a manažmentu  |X 2772  |U M4000  |Y 84  |7 A000002772 
856 4 |a info a plný text  |u http://is.stuba.sk/zp/portal_zp.pl?podrobnosti=66816  |3 VAIS 
996 |c M*DzP-326  |l MMSKP  |s P  |a 0  |w stu253838_0001